<?xml version="1.0" encoding="UTF-8"?>
<marc:record xmlns:marc="http://www.loc.gov/MARC21/slim">
   <marc:leader>00000nam a2200000 a 4500</marc:leader>
   <marc:datafield ind1="1" ind2=" " tag="100">
      <marc:subfield code="a">Janson, Brigitte</marc:subfield>
      <marc:subfield code="4">aut</marc:subfield>
      <marc:subfield code="e">Verfasser/-in</marc:subfield>
   </marc:datafield>
   <marc:datafield ind1="0" ind2="0" tag="245">
      <marc:subfield code="a">Der verbotene Duft</marc:subfield>
   </marc:datafield>
   <marc:datafield ind1="0" ind2="0" tag="245">
      <marc:subfield code="c">Brigitte Janson</marc:subfield>
   </marc:datafield>
   <marc:datafield ind1=" " ind2="1" tag="264">
      <marc:subfield code="a">München</marc:subfield>
      <marc:subfield code="b">Ullstein HC</marc:subfield>
      <marc:subfield code="c">2012</marc:subfield>
   </marc:datafield>
   <marc:datafield ind1="1" ind2=" " tag="520">
      <marc:subfield code="a">Hamburg 1840: Die junge Parfümeurin Clara versetzt die Hansestadt in Aufregung. Sie hat einen Duft entwickelt, von dem es heißt, dass er jede Frau unwiderstehlich macht. Sofern es ihr gelingt, eine halbe Träne beizumischen. Schon bald stehen die feinen Bürgerinnen Schlange und erste Feinde treten auf den Plan, die ihren Erfolg mit allen Mitteln zunichte machen wollen. Clara indes träumt von der großen Liebe, aber ihre Jugendliebe Paul ist seit Jahren verschwunden. Wird sie ihn jemals wiedersehen?</marc:subfield>
   </marc:datafield>
   <marc:datafield ind1=" " ind2=" " tag="020">
      <marc:subfield code="a">9783548284316</marc:subfield>
      <marc:subfield code="9">9783548284316</marc:subfield>
   </marc:datafield>
   <marc:datafield ind1=" " ind2=" " tag="020">
      <marc:subfield code="a">3548284310</marc:subfield>
      <marc:subfield code="9">3548284310</marc:subfield>
   </marc:datafield>
   <marc:datafield ind1=" " ind2=" " tag="300">
      <marc:subfield code="a">436 S.</marc:subfield>
   </marc:datafield>
</marc:record>
